000 00463nam a22001817a 4500
003 MPLRDC
005 20220104195402.0
008 210129b ||||| |||| 00| 0 eng d
020 _a978-986-301-659-5
082 _a544.7 ZZZ-2
100 _a张兆志
245 _a乔志先生爱情处方笺
_c
250 _a初版
260 _a台湾
_b大众国际书局股份有限公司
_c2015
300 _b
650 _a两性关系
942 _cBK
_o544.7 ZZZ-2
999 _c66155
_d66145